Pays du monde contenant deux O - Statistiques

Statistiques générales
  • Ce quiz a été pris 800 fois
  • Le résultat moyen est 11 sur 20
Statistiques - réponses
Pays % Correct
République démocratique du Congo
79%
Congo
78%
Kosovo
76%
Togo
71%
Colombie
69%
Corée du Nord
62%
Lesotho
56%
Pologne
56%
Monaco
55%
Monténégro
55%
Comores
54%
Mongolie
53%
Papouasie-Nouvelle-Guinée
48%
Bosnie-Herzégovine
44%
Côte d'Ivoire
41%
Trinité-et-Tobago
39%
Sao Tomé-et-Principe
38%
Macédoine du Nord
33%
Salomon
25%
Timor Oriental
25%
Aucun quiz correspondant
Distribution des résultats
% des personnes avec chaque résultat
Percentile par nombre de réponses
Votre historique - résultats
Vous n’avez pas pris ce quiz